2000s TV Setlists Quiz Stats

 Plays Quiz Updated Nov 3, 2019

Score 0/16 Timer 05:00
20 Plays Today
% Correct
The Office (US)
93.9%
Survivor
74%
Jackass
66%
The Sopranos
61.4%
House, M.D.
60%
Dexter
59.2%
Buffy the Vampire Slayer
52.9%
Arrested Development
52.6%
% Correct
Lost
51.3%
Mythbusters
47.6%
Futurama
46%
It's Always Sunny in Philadelphia
44.9%
Battlestar Galactica
43.3%
30 Rock
41.8%
Deadwood
38.2%
The Powerpuff Girls
33.2%

You're not logged in!

Compare scores with friends on all Sporcle quizzes.
OR
Log In

Sporcle TV

Today on Sporcle TV


Watch our educational content, quiz creation guides, and fun videos on Sporcle TV.

Show Comments

Extras

Top Quizzes Today


Score Distribution

Your Account Isn't Verified!

In order to create a playlist on Sporcle, you need to verify the email address you used during registration. Go to your Sporcle Settings to finish the process.

Report this User

Report this user for behavior that violates our Community Guidelines.

Details: